LEADER 01145nam a2200277 i 4500 001 000000128985 003 CaOOAMICUS 005 20101112000000.0 008 101112s2004 it u000 u ita u 013 $a101718 020 $a88-372-1993-8 040 $aSeMil$bita 100 1 $aValentini, Natalino,$d<1960- >.$0(OLS)http://semarc/name/43790 245 10$aPavel A. Florenskij /$cNatalino Valentini. 260 $aBrescia :$bMorcelliana,$c2004. 300 $a151 p. ;$c19 cm. 490 0 $aNovecento teologico ;$v14 600 14$aFlorenskij, Pavel Aleksandrovi? <1882-1937>.$0(OLS)http://semarc/subject/16159 774 0 $aFlorenskij, Pavel Aleksandrovi? <1882-1937>$tRagione e dialettica.$w()308961 830 0$aNovecento teologico ;$v14.$0(OLS)http://semarc/title/8766 850 $aSeMil 852 $aSeMil$W1$xVenegono$y1$m2D I 324$j83141$B83141$CSeMilBibl$Z2$F86742 $81 961 $aAcquisto: Ŕncora (Libreria) 996 $6020$a88-372-1993-8$9(OLS)http://semarc/number/115661 996 $6245$aPavel A. Florenskij$9(OLS)http://semarc/title/190613 996 $6260$aBrescia :$bMorcelliana$9(OLS)http://semarc/publisher/29629 LEADER 00771nam a2200205 i 4500 001 000000230422 003 CaOOAMICUS 005 20140606000000.0 008 140606s1878 it u000 u fre u 013 $a209324 040 $aSeMil$bita 100 1 $aNaville, Ernest.$0(OLS)http://semarc/name/41433 245 13$aLe Christ :$bsept discours /$cpar Ernest Naville. 260 $aGenčve :$bCherbuliez & Cie,$c1878. 300 $a259 p. ;$c22 cm. 600 04$aGesů Cristo.$0(OLS)http://semarc/subject/712 850 $aSeMil 852 $aSeMil$W1$xVenegono$y1$m2X IV 15 FA$j180768$B180768$CSeMilBibl$Z2$F191674 $8I 996 $6245$aLe Christ :$bsept discours$9(OLS)http://semarc/title/329199 996 $6260$aGenčve :$bCherbuliez & Cie$9(OLS)http://semarc/publisher/53793